00283nam a2200109Ia 4500008004100000041000800041082001500049100001600064245003700080260003700117300001900154241015s9999 xx 000 0 und d aeng a658.56 SMI aDiane Smith aPrinciples Of Product Management bStates Academic PressaUSAc2022 a238;. P. 27 cm